000 00312 a2200109 4500
001 ART_30503
005 20260410162003.0
008 260409a
245 1 0 _aFundamentalismo y teologismo
100 1 _aSánchez Parodi, Horacio M.
773 0 _tForo político
_g- Vol. XX (ago. 1997)
_wREV30389
999 _c31475
_d31475